Statistics for Coventry City Premier League Players

Click here to take the quiz!

General Stats

  • This quiz has been taken 30 times
  • The average score is 26 of 126

Answer Stats

The Sky Blues% Correct
Dion Dublin
95%
Darren Huckerby
75%
Robbie Keane
75%
Gavin Strachan
70%
David Smith
70%
Gordon Strachan
70%
Steve Ogrizovic
65%
Cobi Jones
60%
Gary McAllister
60%
Peter Ndlovu
60%
Mustafa Hadji
55%
Barry Quinn
55%
Youssef Chippo
55%
Mick Quinn
55%
Paul Williams
55%
John Williams
55%
David Burrows
50%
Magnus Hedman
50%
Chris Kirkland
50%
Gary Breen
45%
Paul Telfer
45%
Richard Shaw
45%
Noel Whelan
40%
Roland Nilsson
40%
Marcus Hall
40%
Brian Borrows
40%
John Aloisi
40%
Craig Bellamy
35%
George Boateng
35%
Paul Hall
35%
John Salako
35%
Gary McSheffrey
35%
Muhamed Konjic
30%
John Hartson
30%
Trond Egil Soltvedt
30%
Kevin Gallacher
30%
David Thompson
30%
Viorel Moldovan
30%
David Busst
30%
Phil Babb
25%
Micky Gynn
25%
Lloyd McGrath
20%
Carlton Palmer
20%
Cedric Roussel
20%
Marques Isaias
20%
David Rennie
20%
Andy Pearce
20%
Roy Wegerle
20%
Craig Pead
20%
Eoin Jess
20%
Liam Daish
20%
Steve Froggatt
20%
Calum Davenport
20%
Paul Cook
20%
Jonathan Gould
20%
Peter Atherton
20%
John Eustace
20%
John Filan
20%
Ally Pickering
15%
Andy Peake
15%
Laurent Delorge
15%
Peter Shilton
15%
Runar Normann
15%
Sam Shilton
15%
Jay Bothroyd
15%
Kyle Lightbourne
15%
Ysrael Zuniga
15%
Lee Carsley
15%
Willie Boland
15%
Robert Rosario
10%
Kevin Richardson
10%
Martin Davies
10%
Lee Hurst
10%
Alan Miller
10%
Marc Edworthy
10%
Gary Gillespie
10%
Jean-Guy Wallemme
5%
Raffaele Nuzzo
5%
Simon Haworth
5%
Colin Hendry
5%
Adam Willis
5%
Chris Marsden
5%
Sean Flynn
5%
Michael O'Neill
5%
Chris Whyte
5%
Mike Marsh
5%
Darren Jackson
5%
Steve Morgan
5%
Nii Lamptey
5%
Peter Billing
5%
Lee Fowler
5%
Philippe Clement
5%
Steven Pressley
5%
Kenny Sansom
0%
Lorcan Costello
0%
Keith Rowland
0%
Jamie Barnwell-Edinboro
0%
Oleksandr Yevtushok
0%
Tony Sheridan
0%
Robert Betts
0%
Iyseden Christie
0%
Martyn Booty
0%
Ivan Guerrero
0%
Stuart Robson
0%
John Gayle
0%
Chris Greenman
0%
Scott Howie
0%
Scott Goodwin
0%
Morten Hyldgaard
0%
Stefano Gioacchini
0%
Leigh Jenkinson
0%
Tomas Antonelius
0%
Martin Johansen
0%
Regis Genaux
0%
Chris McMenamin
0%
Sandy Robertson
0%
Stephen McPhee
0%
Terry Fleming
0%
Craig Middleton
0%
Gary Montgomery
0%
Mick Harford
0%
Detsi Druszynski
0%
Barry Prenderville
0%
Julian Darby
0%
Tim Dalton
0%
Andrew Ducros
0%

Score Distribution

Percentile by Number Answered

Percent of People with Each Score

Your Score History

You have not taken this quiz